000 00385nam a2200169Ia 4500
003 OSt
005 20240309151647.0
008 170619s9999 xx 000 0 und d
020 _a9788174466198
040 _cIIMT ENGINEERING COLLEGE
100 _aSingh- B.D
245 0 _aIndustrial Relations
260 _bExcel Books
260 _c2010
546 _aENGLISH
942 _2ddc
_c02
999 _c22820
_d22820